000
00296nam a2200133Ia 4500
003
OSt
005
20230727101518.0
008
170524s9999 xx 000 0 und d
040
_c
IIMT UNIVERSITY
100
_a
GUPTA- SL
245
0
_a
MARKETING RESEARCH
260
_b
EXCEL BOOKS
942
_2
ddc
_c
02
999
_c
8161
_d
8161